[Event "WJCC U20 Girls 2019"]
[Site "New Delhi"]
[Date "2019.10.17"]
[Round "4.24"]
[White "Bakshi, Rutuja"]
[Black "Aakanksha Hagawane"]
[Result "1/2-1/2"]
[WhiteElo "2029"]
[BlackElo "2181"]
[Annotator "NA"]
[PlyCount "82"]
[EventDate "2019.10.15"]
[EventType "swiss"]
[EventCountry "IND"]
[SourceTitle "playchess.com"]
[Source "ChessBase"]
[SourceQuality "1"]
[TimeControl "40/5400+30:1800+30"]

1. Nf3 {[%emt 0:00:02]} Nf6 {[%emt 0:00:00]} 2. c4 {[%emt 0:00:44]} g6 {[%emt 0:00:51]} 3. g3 {[%emt 0:00:05]} Bg7 {[%emt 0:00:12]} 4. Bg2 {[%emt 0:00:25]} d5 {[%emt 0:00:56]} 5. cxd5 {[%emt 0:04:24]} Nxd5 {[%emt 0:00:02]} 6. Nc3 {[%emt 0:01:47]} Nc6 {[%emt 0:03:59]} 7. a3 {[%emt 0:06:40]} O-O {[%emt 0:01:45]} 8. O-O {[%emt 0:01:33]} Nb6 {[%emt 0:01:38]} 9. d3 {[%emt 0:06:28]} h6 {[%emt 0:04:09]} 10. Qc2 {[%emt 0:03:10]} e5 {[%emt 0:02:29]} 11. b4 {[%emt 0:07:40]} Be6 {[%emt 0:02:51]} 12. Ne4 {[%emt 0:04:14]} Bd5 {[%emt 0:04:51]} 13. Bb2 {[%emt 0:02:49]} Bxe4 {[%emt 0:01:19]} 14. dxe4 {[%emt 0:00:08]} a6 {[%emt 0:00:33]} 15. e3 {[%emt 0:02:12]} Qe7 {[%emt 0:00:47]} 16. Nd2 {[%emt 0:02:33]} Rfd8 {[%emt 0:04:37]} 17. Rfd1 {[%emt 0:06:52]} Rd6 {[%emt 0:10:29]} 18. Bc3 {[%emt 0:06:06]} Qd7 {[%emt 0:09:25]} 19. a4 {[%emt 0:06:19]} a5 {[%emt 0:12:57]} 20. b5 {[%emt 0:02:37]} Nb4 {[%emt 0:03:00]} 21. Bxb4 {[%emt 0:01:26]} axb4 {[%emt 0:00:01]} 22. a5 {[%emt 0:01:48]} Nc8 {[%emt 0:02:25]} 23. Bf1 {[%emt 0:02:05]} Bf8 {[%emt 0:06:32]} 24. Nc4 {[%emt 0:05:29]} Rxd1 {[%emt 0:00:46]} 25. Rxd1 Qe8 {[%emt 0:03:54]} 26. Qb2 {[%emt 0:02:40]} Nd6 {[%emt 0:01:08]} 27. Nxd6 {[%emt 0:05:49]} Bxd6 {[%emt 0:01:22]} 28. Ra1 {[%emt 0:02:51]} c6 {[%emt 0:06:45]} 29. b6 {[%emt 0:04:03]} Bc5 30. Bc4 {[%emt 0:00:45]} Qe7 {[%emt 0:00:46]} 31. Bb3 {[%emt 0:01:16]} Qd6 {[%emt 0:02:02]} 32. Qc2 {[%emt 0:02:30]} Qe7 {[%emt 0:02:02]} 33. Ra2 {[%emt 0:01:16]} Kf8 {[%emt 0:02:10]} 34. Qc4 {[%emt 0:00:46]} Kg7 {[%emt 0:00:22]} 35. Kg2 {[%emt 0:02:34]} Ra6 {[%emt 0:01:18]} 36. h3 {[%emt 0:02:08]} h5 {[%emt 0:02:15]} 37. h4 {[%emt 0:00:16]} Kf8 {[%emt 0:00:54]} 38. Kg1 {[%emt 0:00:51]} Kg7 {[%emt 0:00:13]} 39. Kg2 {[%emt 0:00:07]} Kf8 {[%emt 0:00:38]} 40. Kg1 {[%emt 0:00:54]} Kg7 {[%emt 0:00:08]} 41. Kg2 {[%emt 0:30:20]} Kf8 {[%emt 0:31:16]} 1/2-1/2

[Event "WJCC U20 Girls 2019"]
[Site "New Delhi"]
[Date "2019.10.17"]
[Round "4.25"]
[White "Pychova, Nela"]
[Black "Onur, Cigdem"]
[Result "1/2-1/2"]
[WhiteElo "2178"]
[BlackElo "1913"]
[Annotator "TA"]
[PlyCount "150"]
[EventDate "2019.10.15"]
[EventType "swiss"]
[EventCountry "IND"]
[SourceTitle "playchess.com"]
[Source "ChessBase"]
[SourceQuality "1"]

{[%evp 10,150,57,55,69,0,11,8,28,35,22,8,25,26,31,22,23,20,35,29,38,35,37,12,19,10,33,27,35,13,14,18,49,58,58,62,77,79,72,66,58,42,42,34,39,12,12,15,48,12,75,12,12,12,12,12,12,0,12,12,12,12,12,12,25,8,8,0,0,0,0,0,0,0,0,0,0,0,0,0,0,0,0,0,0,0,0,0,0,0,0,0,0,0,0,0,0,0,0,0,0,0,0,0,0,0,0,0,0,0,0,0,0,0,0,0,0,0,0,0,0,0,0,0,0,0,0,0,0,0,0,0,0,0,0,0,0,0,0,0,0,0,0]} 1. e4 c5 2. Nc3 e6 3. Nf3 d5 4. exd5 exd5 5. Bb5+ Nc6 6. O-O Nf6 {B40: Sicilian: 2...e6, Unusual lines} 7. h3 (7. d4 $14) (7. Re1+ Be7 8. Ne5 Bd7 9. Bxc6 bxc6 10. b3 O-O 11. Ba3 Re8 12. Na4 Bd6 13. d4 Ne4 14. Bxc5 Bxc5 15. Rxe4 dxe4 16. Nxc5 {1-0 (39) Savchenko,B (2562)-Golubov,S (2482) St Petersburg 2018}) 7... Be7 8. d4 cxd4 $146 ({Predecessor:} 8... c4 9. b3 cxb3 10. axb3 O-O 11. Bf4 Be6 12. Na4 Nd7 13. c3 a6 14. Bxc6 bxc6 15. Nb2 Qb6 {1-0 (47) Oglaza,O (2310)-Kundianok,V (1918) St Petersburg 2018}) 9. Nxd4 Bd7 10. Nde2 a6 11. Ba4 Na5 12. Bb3 Nxb3 13. axb3 Bc6 14. Nd4 Qd7 15. Re1 O-O 16. Be3 Rfe8 17. Qd3 Bc5 18. Rad1 Rad8 19. Bg5 Rxe1+ 20. Rxe1 Re8 21. Rxe8+ Qxe8 22. Bxf6 Qe1+ 23. Qf1 Qxf1+ 24. Kxf1 gxf6 25. Nxc6 bxc6 $16 {[%mdl 4096] Endgame KB-KN} 26. Ne2 Kg7 27. Nf4 Bd6 28. Nd3 Kg6 29. Ke2 Kf5 {[#]} (29... c5 $11 {remains equal.}) 30. Ke3 (30. b4 $1 $16) 30... c5 $11 31. c3 a5 32. Ne1 Bf4+ 33. Kd3 Ke6 34. g3 Bc7 35. Nc2 Bb6 36. Ne3 Ke5 37. c4 d4 {The position is equal.} 38. Nd5 Bd8 39. Ke2 f5 40. Nf4 Be7 41. Nd3+ Kf6 42. f4 Bd6 43. Ne1 Ke6 44. Nf3 h6 45. Kd3 Kd7 46. Kc2 Ke6 47. Kb1 Be7 48. Ne5 Bd8 49. Ka2 Bc7 50. Nd3 Kd6 51. Ne5 Ke6 52. Nf3 Bd8 53. Ka3 Kd6 54. Ne5 Bf6 55. Nd3 {[#] And now Ka4 would win.} Kc6 56. Ne1 Kb6 57. Ka2 Kc6 58. Kb1 Kd6 59. Nd3 Kc6 60. Kc2 Kd6 61. Kd1 Bg7 62. Ke2 Bf6 63. Kf3 h5 64. g4 hxg4+ 65. hxg4 fxg4+ 66. Kxg4 Be7 67. Kf5 Bd8 68. Ne5 Ke7 69. Nd3 Kd6 70. Ke4 Bf6 71. Nf2 Bd8 72. Kf5 Be7 73. Nd3 Bd8 74. Nf2 Be7 75. Nd3 Bd8 {Accuracy: White = 73%, Black = 62%.} 1/2-1/2

[Event "WJCC U20 Girls 2019"]
[Site "New Delhi"]
[Date "2019.10.17"]
[Round "4.26"]
[White "Chitlange Sakshi"]
[Black "Tsotsonava, Elene"]
[Result "1-0"]
[WhiteElo "2175"]
[BlackElo "1905"]
[Annotator "NA"]
[PlyCount "65"]
[EventDate "2019.10.15"]
[EventType "swiss"]
[EventCountry "IND"]
[SourceTitle "playchess.com"]
[Source "ChessBase"]
[SourceQuality "1"]
[TimeControl "40/5400+30:1800+30"]

1. d4 {[%emt 0:00:00]} d5 {[%emt 0:00:00]} 2. Bf4 {[%emt 0:00:00]} c5 {[%emt 0:00:00]} 3. e3 {[%emt 0:00:11]} Nc6 {[%emt 0:00:16]} 4. Nf3 {[%emt 0:00:34]} Bg4 {[%emt 0:00:31]} 5. Be2 {[%emt 0:09:32]} cxd4 {[%emt 0:00:40]} 6. exd4 {[%emt 0:01:01]} Qb6 {[%emt 0:05:22]} 7. Nc3 {[%emt 0:01:29]} Bxf3 {[%emt 0:07:25]} 8. Bxf3 {[%emt 0:00:30]} e6 {[%emt 0:00:07]} 9. Ne2 {[%emt 0:05:12]} Nf6 {[%emt 0:00:43]} 10. O-O {[%emt 0:03:07]} Be7 {[%emt 0:00:18]} 11. Rb1 {[%emt 0:04:43]} O-O {[%emt 0:00:26]} 12. c3 {[%emt 0:00:07]} Qa6 {[%emt 0:02:05]} 13. Nc1 {[%emt 0:02:43]} Na5 {[%emt 0:06:45]} 14. Be2 {[%emt 0:01:37]} Qc6 {[%emt 0:00:42]} 15. Nd3 {[%emt 0:01:08]} Nc4 {[%emt 0:05:07]} 16. Ne5 {[%emt 0:03:13]} Nxe5 {[%emt 0:01:31]} 17. dxe5 {[%emt 0:01:57]} Ne4 {[%emt 0:01:28]} 18. Bd3 {[%emt 0:02:13]} f5 {[%emt 0:03:33]} 19. exf6 {[%emt 0:00:44]} Rxf6 {[%emt 0:07:52]} 20. Be5 {[%emt 0:04:21]} Rf5 {[%emt 0:01:31]} 21. Bd4 {[%emt 0:00:06]} e5 {[%emt 0:05:13]} 22. Be3 {[%emt 0:04:08]} Raf8 {[%emt 0:05:44]} 23. Qe2 {[%emt 0:11:17]} Bg5 {[%emt 0:05:37]} 24. f3 {[%emt 0:06:36]} Nd6 {[%emt 0:21:15]} 25. Bxf5 {[%emt 0:00:46]} Rxf5 {[%emt 0:00:07]} 26. Bxg5 {[%emt 0:01:03]} Rxg5 {[%emt 0:00:09]} 27. f4 {[%emt 0:00:39]} exf4 {[%emt 0:01:21]} 28. Qe6+ {[%emt 0:01:00]} Kh8 {[%emt 0:03:58]} 29. Rxf4 {[%emt 0:00:35]} Qc5+ {[%emt 0:01:37]} 30. Kh1 {[%emt 0:00:40]} h6 {[%emt 0:00:07]} 31. h4 {[%emt 0:03:03]} Rg3 {[%emt 0:00:59]} 32. Rf8+ {[%emt 0:00:22]} Kh7 {[%emt 0:00:13]} 33. h5 {[%emt 0:00:08]} 1-0

[Event "WJCC U20 Girls 2019"]
[Site "New Delhi"]
[Date "2019.10.17"]
[Round "4.27"]
[White "Meghna, C H"]
[Black "Priyanka, Kumari"]
[Result "0-1"]
[WhiteElo "1956"]
[BlackElo "1921"]
[Annotator "NA"]
[PlyCount "76"]
[EventDate "2019.10.15"]
[EventType "swiss"]
[EventCountry "IND"]
[SourceTitle "playchess.com"]
[Source "ChessBase"]
[SourceQuality "1"]
[TimeControl "40/5400+30:1800+30"]

1. e4 {[%emt 0:00:00]} c5 {[%emt 0:00:00]} 2. Nc3 {[%emt 0:00:00]} a6 {[%emt 0:00:20]} 3. g3 {[%emt 0:00:11]} b5 {[%emt 0:01:17]} 4. Bg2 {[%emt 0:00:08]} Bb7 {[%emt 0:00:25]} 5. d3 {[%emt 0:00:34]} e6 {[%emt 0:00:48]} 6. Nh3 {[%emt 0:00:15]} b4 {[%emt 0:06:04]} 7. Ne2 {[%emt 0:00:24]} d5 {[%emt 0:01:40]} 8. O-O {[%emt 0:00:09]} Nf6 {[%emt 0:03:37]} 9. e5 {[%emt 0:00:37]} Nfd7 {[%emt 0:00:48]} 10. f4 {[%emt 0:00:13]} Nc6 {[%emt 0:01:34]} 11. f5 {[%emt 0:15:48]} exf5 {[%emt 0:14:21]} 12. Nef4 {[%emt 0:15:50]} Ndxe5 {[%emt 0:10:08]} 13. Nxd5 {[%emt 0:01:33]} Ne7 {[%emt 0:06:41]} 14. Nf6+ {[%emt 0:11:01]} gxf6 {[%emt 0:00:19]} 15. Bxb7 {[%emt 0:00:03]} Ra7 {[%emt 0:01:48]} 16. Bg2 {[%emt 0:00:12]} Qd4+ {[%emt 0:05:35]} 17. Kh1 {[%emt 0:02:34]} h5 {[%emt 0:02:00]} 18. Rf4 {[%emt 0:21:38]} Qd7 {[%emt 0:08:30]} 19. Qg1 {[%emt 0:17:19]} N7g6 {[%emt 0:06:29]} 20. Be3 {[%emt 0:00:33]} Rc7 {[%emt 0:03:01]} 21. Re1 {[%emt 0:01:10]} h4 {[%emt 0:03:05]} 22. d4 {[%emt 0:01:44]} cxd4 {[%emt 0:01:59]} 23. Rxd4 {[%emt 0:00:18]} Qc8 {[%emt 0:00:31]} 24. Red1 {[%emt 0:03:32]} Be7 {[%emt 0:01:08]} 25. Qe1 {[%emt 0:01:16]} hxg3 {[%emt 0:05:13]} 26. Qxg3 {[%emt 0:00:25]} Rxc2 {[%emt 0:00:54]} 27. Kg1 {[%emt 0:04:59]} Ng4 {[%emt 0:03:30]} 28. Bf4 {[%emt 0:00:58]} Bc5 {[%emt 0:03:27]} 29. Bd6 {[%emt 0:00:28]} Bxd4+ {[%emt 0:01:43]} 30. Rxd4 {[%emt 0:00:01]} Rc1+ {[%emt 0:02:18]} 31. Bf1 {[%emt 0:00:02]} Qe6 {[%emt 0:01:53]} 32. Rxb4 {[%emt 0:01:22]} Qe3+ {[%emt 0:01:04]} 33. Nf2 {[%emt 0:00:35]} Qxg3+ {[%emt 0:00:54]} 34. Bxg3 {[%emt 0:00:02]} Ne3 {[%emt 0:00:25]} 35. Rb8+ {[%emt 0:00:04]} Kd7 {[%emt 0:00:17]} 36. Rb7+ {[%emt 0:00:01]} Ke8 {[%emt 0:01:05]} 37. Rb8+ {[%emt 0:01:09]} Ke7 {[%emt 0:00:09]} 38. Rb7+ {[%emt 0:00:11]} Kf8 {[%emt 0:00:15]} 0-1

[Event "WJCC U20 Girls 2019"]
[Site "New Delhi"]
[Date "2019.10.17"]
[Round "4.28"]
[White "Sapale Saloni"]
[Black "Lakshmi C"]
[Result "1/2-1/2"]
[WhiteElo "2142"]
[BlackElo "1859"]
[Annotator "NA"]
[PlyCount "75"]
[EventDate "2019.10.15"]
[EventType "swiss"]
[EventCountry "IND"]
[SourceTitle "playchess.com"]
[Source "ChessBase"]
[SourceQuality "1"]
[TimeControl "40/5400+30:1800+30"]

1. e4 {[%emt 0:00:00]} c5 {[%emt 0:00:00]} 2. Nf3 {[%emt 0:00:00]} Nc6 {[%emt 0:00:00]} 3. d4 {[%emt 0:00:09]} cxd4 {[%emt 0:00:06]} 4. Nxd4 {[%emt 0:00:08]} Nf6 {[%emt 0:00:06]} 5. Nc3 {[%emt 0:00:13]} e5 {[%emt 0:00:07]} 6. Ndb5 {[%emt 0:00:25]} d6 {[%emt 0:00:11]} 7. Bg5 {[%emt 0:01:06]} a6 {[%emt 0:00:10]} 8. Na3 {[%emt 0:00:06]} b5 {[%emt 0:00:04]} 9. Nd5 {[%emt 0:00:10]} Be7 {[%emt 0:00:06]} 10. Bxf6 {[%emt 0:00:19]} Bxf6 {[%emt 0:00:09]} 11. c4 {[%emt 0:00:12]} b4 {[%emt 0:00:09]} 12. Nc2 {[%emt 0:00:07]} a5 {[%emt 0:00:05]} 13. g3 {[%emt 0:00:10]} Bg5 {[%emt 0:01:25]} 14. h4 {[%emt 0:03:08]} Bh6 {[%emt 0:00:25]} 15. Bh3 {[%emt 0:00:50]} Bxh3 {[%emt 0:00:40]} 16. Rxh3 {[%emt 0:00:07]} Ne7 {[%emt 0:07:10]} 17. g4 {[%emt 0:16:52]} Nxd5 {[%emt 0:00:54]} 18. Qxd5 {[%emt 0:00:14]} Bf4 {[%emt 0:01:06]} 19. Rd1 {[%emt 0:08:35]} O-O {[%emt 0:01:41]} 20. Qd3 {[%emt 0:01:32]} Qc8 {[%emt 0:06:11]} 21. Qe2 {[%emt 0:00:38]} Ra6 {[%emt 0:01:25]} 22. b3 {[%emt 0:00:51]} h5 {[%emt 0:05:04]} 23. f3 {[%emt 0:07:04]} hxg4 {[%emt 0:00:44]} 24. fxg4 {[%emt 0:00:08]} Qc5 {[%emt 0:00:09]} 25. Kf1 {[%emt 0:03:43]} Qc7 {[%emt 0:26:43]} 26. Ne1 {[%emt 0:04:02]} f6 {[%emt 0:05:03]} 27. Nd3 {[%emt 0:06:27]} Bh6 {[%emt 0:00:43]} 28. Kg2 {[%emt 0:02:43]} Qb7 {[%emt 0:02:50]} 29. Rf3 {[%emt 0:11:24]} g6 {[%emt 0:11:52]} 30. Rdf1 {[%emt 0:01:50]} Bg7 {[%emt 0:02:05]} 31. Nb2 {[%emt 0:05:02]} Raa8 {[%emt 0:02:04]} 32. Kh3 {[%emt 0:05:46]} Rf7 {[%emt 0:01:55]} 33. Qd3 {[%emt 0:00:32]} Raf8 {[%emt 0:01:57]} 34. Qe2 {[%emt 0:07:17]} Qd7 {[%emt 0:03:43]} 35. Qf2 {[%emt 0:02:55]} Qb7 {[%emt 0:04:47]} 36. Qe2 {[%emt 0:01:47]} Qd7 {[%emt 0:00:30]} 37. Qf2 {[%emt 0:00:34]} Qb7 {[%emt 0:00:39]} 38. Qe2 {[%emt 0:01:53]} 1/2-1/2

[Event "WJCC U20 Girls 2019"]
[Site "New Delhi"]
[Date "2019.10.17"]
[Round "4.29"]
[White "Aouachria, Marwa"]
[Black "Nilssen, Ellen Fredericia"]
[Result "1/2-1/2"]
[WhiteElo "1839"]
[BlackElo "2137"]
[Annotator "NA"]
[PlyCount "61"]
[EventDate "2019.10.15"]
[EventType "swiss"]
[EventCountry "IND"]
[SourceTitle "playchess.com"]
[Source "ChessBase"]
[SourceQuality "1"]
[TimeControl "40/5400+30:1800+30"]

1. e4 {[%emt 0:07:21]} e6 {[%emt 0:00:00]} 2. d4 {[%emt 0:00:40]} d5 {[%emt 0:00:06]} 3. exd5 {[%emt 0:00:07]} exd5 {[%emt 0:00:08]} 4. Nf3 {[%emt 0:00:03]} Bd6 {[%emt 0:00:20]} 5. c4 {[%emt 0:00:08]} Nf6 {[%emt 0:01:22]} 6. Qe2+ {[%emt 0:03:50]} Qe7 {[%emt 0:02:13]} 7. c5 {[%emt 0:05:19]} Qxe2+ {[%emt 0:00:15]} 8. Bxe2 {[%emt 0:00:03]} Be7 {[%emt 0:00:08]} 9. Bf4 {[%emt 0:00:23]} c6 {[%emt 0:01:42]} 10. Nbd2 {[%emt 0:03:09]} b6 {[%emt 0:08:50]} 11. b4 {[%emt 0:00:23]} a5 {[%emt 0:03:12]} 12. Bc7 {[%emt 0:09:59]} Na6 {[%emt 0:09:26]} 13. Bxb6 {[%emt 0:01:46]} Nxb4 {[%emt 0:00:11]} 14. O-O {[%emt 0:00:25]} Nd7 {[%emt 0:05:55]} 15. Bc7 {[%emt 0:05:54]} Bf6 {[%emt 0:00:39]} 16. Rfc1 {[%emt 0:01:27]} O-O {[%emt 0:07:56]} 17. a3 {[%emt 0:01:04]} Na6 {[%emt 0:00:23]} 18. Bd6 {[%emt 0:00:09]} Re8 {[%emt 0:00:09]} 19. Bd3 {[%emt 0:00:31]} Nf8 {[%emt 0:05:19]} 20. Be5 {[%emt 0:16:29]} Bd8 {[%emt 0:05:44]} 21. h3 {[%emt 0:05:02]} Ne6 {[%emt 0:00:21]} 22. Rab1 {[%emt 0:02:17]} Nac7 {[%emt 0:07:35]} 23. Re1 {[%emt 0:08:28]} Ba6 {[%emt 0:02:34]} 24. Bxa6 {[%emt 0:01:47]} Nxa6 {[%emt 0:02:40]} 25. Rb7 {[%emt 0:01:56]} Bc7 {[%emt 0:06:57]} 26. Bxc7 {[%emt 0:00:38]} Naxc7 {[%emt 0:00:11]} 27. a4 {[%emt 0:01:08]} Na6 {[%emt 0:02:56]} 28. Nb3 {[%emt 0:03:33]} Nb4 {[%emt 0:00:07]} 29. Rd1 {[%emt 0:00:33]} Na2 {[%emt 0:01:53]} 30. Rd3 {[%emt 0:02:54]} Nf4 {[%emt 0:01:39]} 31. Re3 1/2-1/2

[Event "WJCC U20 Girls 2019"]
[Site "New Delhi"]
[Date "2019.10.17"]
[Round "4.30"]
[White "Harshita Guddanti"]
[Black "Bhagyashree Patil"]
[Result "1-0"]
[WhiteElo "2123"]
[BlackElo "1802"]
[Annotator "NA"]
[PlyCount "59"]
[EventDate "2019.10.15"]
[EventType "swiss"]
[EventCountry "IND"]
[SourceTitle "playchess.com"]
[Source "ChessBase"]
[SourceQuality "1"]
[TimeControl "40/5400+30:1800+30"]

1. e4 {[%emt 0:00:00]} e5 {[%emt 0:00:00]} 2. Nf3 {[%emt 0:00:02]} Nc6 {[%emt 0:00:00]} 3. Bb5 {[%emt 0:00:07]} a6 {[%emt 0:00:00]} 4. Ba4 {[%emt 0:00:05]} Nf6 {[%emt 0:00:00]} 5. O-O {[%emt 0:00:17]} Be7 {[%emt 0:00:03]} 6. Re1 {[%emt 0:02:50]} b5 {[%emt 0:00:05]} 7. Bb3 {[%emt 0:00:04]} d6 {[%emt 0:00:03]} 8. c3 {[%emt 0:01:52]} O-O {[%emt 0:02:11]} 9. h3 {[%emt 0:00:06]} Na5 {[%emt 0:00:04]} 10. Bc2 {[%emt 0:00:17]} c5 {[%emt 0:00:35]} 11. d4 {[%emt 0:00:34]} Qc7 {[%emt 0:00:07]} 12. Nbd2 {[%emt 0:01:12]} Bd7 {[%emt 0:01:10]} 13. d5 {[%emt 0:03:48]} c4 {[%emt 0:03:07]} 14. Nf1 {[%emt 0:01:49]} Kh8 {[%emt 0:06:23]} 15. Ng3 {[%emt 0:02:30]} g6 {[%emt 0:05:24]} 16. Nh2 {[%emt 0:02:42]} Ng8 {[%emt 0:05:33]} 17. Rf1 {[%emt 0:18:01]} Nb7 {[%emt 0:02:41]} 18. Be3 {[%emt 0:08:16]} Nc5 {[%emt 0:02:03]} 19. f4 {[%emt 0:05:50]} f6 {[%emt 0:01:02]} 20. Nf3 {[%emt 0:05:11]} a5 {[%emt 0:01:21]} 21. f5 {[%emt 0:04:02]} g5 {[%emt 0:01:44]} 22. h4 {[%emt 0:01:16]} gxh4 {[%emt 0:10:06]} 23. Nxh4 {[%emt 0:00:24]} Be8 {[%emt 0:00:28]} 24. Kf2 {[%emt 0:13:04]} Bd8 {[%emt 0:06:19]} 25. Rh1 {[%emt 0:05:58]} Qg7 {[%emt 0:02:31]} 26. Nh5 {[%emt 0:03:14]} Bxh5 {[%emt 0:03:24]} 27. Qxh5 {[%emt 0:00:12]} Ne7 {[%emt 0:01:47]} 28. Bh6 {[%emt 0:03:28]} Qf7 {[%emt 0:00:56]} 29. Ng6+ {[%emt 0:00:46]} hxg6 {[%emt 0:01:26]} 30. Bg7+ {[%emt 0:00:24]} 1-0

[Event "WJCC U20 Girls 2019"]
[Site "New Delhi"]
[Date "2019.10.17"]
[Round "4.31"]
[White "Blazeka, Mihaela"]
[Black "Potluri Supreetha"]
[Result "1/2-1/2"]
[WhiteElo "2109"]
[BlackElo "1767"]
[Annotator "NA"]
[PlyCount "77"]
[EventDate "2019.10.15"]
[EventType "swiss"]
[EventCountry "IND"]
[SourceTitle "playchess.com"]
[Source "ChessBase"]
[SourceQuality "1"]
[TimeControl "40/5400+30:1800+30"]

1. e4 {[%emt 0:00:00]} c5 {[%emt 0:00:00]} 2. Nf3 {[%emt 0:00:00]} d6 {[%emt 0:00:00]} 3. d4 {[%emt 0:00:00]} cxd4 {[%emt 0:00:00]} 4. Nxd4 {[%emt 0:00:00]} Nf6 {[%emt 0:00:08]} 5. f3 {[%emt 0:00:06]} e5 {[%emt 0:00:31]} 6. Nb3 {[%emt 0:00:05]} d5 {[%emt 0:00:22]} 7. Bg5 {[%emt 0:00:27]} Be6 {[%emt 0:01:46]} 8. exd5 {[%emt 0:06:06]} Qxd5 {[%emt 0:00:17]} 9. Nc3 {[%emt 0:03:37]} Bb4 {[%emt 0:05:19]} 10. Bxf6 {[%emt 0:00:05]} Bxc3+ {[%emt 0:25:58]} 11. bxc3 {[%emt 0:00:15]} Qxd1+ {[%emt 0:00:31]} 12. Rxd1 {[%emt 0:00:23]} gxf6 {[%emt 0:00:07]} 13. Nc5 {[%emt 0:06:44]} b6 {[%emt 0:06:48]} 14. Bb5+ {[%emt 0:16:48]} Ke7 {[%emt 0:02:21]} 15. Nxe6 {[%emt 0:01:41]} fxe6 {[%emt 0:00:09]} 16. O-O {[%emt 0:01:26]} Rc8 {[%emt 0:14:28]} 17. Rd3 {[%emt 0:01:17]} a6 {[%emt 0:09:30]} 18. Ba4 {[%emt 0:00:05]} b5 {[%emt 0:00:15]} 19. Bb3 {[%emt 0:00:06]} Nd7 {[%emt 0:01:11]} 20. f4 {[%emt 0:05:10]} exf4 {[%emt 0:14:12]} 21. Rh3 {[%emt 0:04:25]} Nf8 {[%emt 0:04:40]} 22. Rxf4 {[%emt 0:00:38]} Rc5 {[%emt 0:02:43]} 23. Kf2 {[%emt 0:05:24]} Rac8 {[%emt 0:02:27]} 24. Rff3 {[%emt 0:03:41]} Rg5 {[%emt 0:03:23]} 25. Rh6 {[%emt 0:00:58]} Rg6 {[%emt 0:00:57]} 26. Rh4 {[%emt 0:00:09]} Rg7 {[%emt 0:02:20]} 27. Re4 {[%emt 0:04:08]} Rc5 {[%emt 0:02:25]} 28. a4 {[%emt 0:02:19]} f5 {[%emt 0:00:38]} 29. Rb4 {[%emt 0:02:40]} Ng6 {[%emt 0:00:29]} 30. Rg3 {[%emt 0:00:11]} Kf6 {[%emt 0:00:20]} 31. axb5 {[%emt 0:00:53]} axb5 {[%emt 0:00:20]} 32. c4 {[%emt 0:02:51]} bxc4 {[%emt 0:00:29]} 33. Rxc4 {[%emt 0:00:28]} Rxc4 {[%emt 0:00:31]} 34. Bxc4 {[%emt 0:00:04]} Rc7 {[%emt 0:00:38]} 35. Bb3 {[%emt 0:00:26]} Ne5 {[%emt 0:00:42]} 36. Ke2 {[%emt 0:00:58]} h5 {[%emt 0:00:32]} 37. Rg8 {[%emt 0:00:28]} Nc6 {[%emt 0:00:30]} 38. Rh8 {[%emt 0:06:08]} Kg6 {[%emt 0:00:29]} 39. Rg8+ {[%emt 0:01:16]} 1/2-1/2

[Event "WJCC U20 Girls 2019"]
[Site "New Delhi"]
[Date "2019.10.17"]
[Round "4.32"]
[White "Munkhzul, Turmunkh"]
[Black "Ananya, Suresh"]
[Result "1-0"]
[WhiteElo "2332"]
[BlackElo "1896"]
[Annotator "TA"]
[PlyCount "61"]
[EventDate "2019.10.15"]
[EventType "swiss"]
[EventCountry "IND"]
[SourceTitle "playchess.com"]
[Source "ChessBase"]
[SourceQuality "1"]

{[%evp 23,71,104,125,29,33,34,36,27,31,31,45,48,48,37,61,64,75,53,79,67,102,89,73,9,12,0,0,0,0,-46,-38,-112,67,72,400,392,547,556,779,756,806,809,790,807,796,791,724,778,759,772]} 1. e4 c5 2. Nf3 d6 3. d4 cxd4 4. Nxd4 a6 5. c4 Nf6 6. Nc3 e6 7. Be2 Be7 8. O-O O-O 9. Be3 Nbd7 10. Rc1 Qc7 11. f4 b6 12. Bf3 Bb7 13. f5 {B41: Sicilian: Kan Variation: 5 c4} (13. g4 $1 $16) 13... e5 $1 $11 {[%cal Re5d4]} 14. Nd5 Qd8 15. Nb3 {White is slightly better.} Nxd5 16. cxd5 Nc5 {[#]} 17. Nxc5 $146 ({Predecessor:} 17. Rc3 a5 18. Nd2 Bg5 19. Bxg5 Qxg5 20. Be2 Qf6 {1-0 (37) Mastrovasilis,D (2607)-Manea,A (2382) Calimanesti 2014}) 17... bxc5 18. Rc3 a5 19. Be2 Bf6 20. Bd2 Bc8 21. Rh3 Bg5 22. Bxg5 $1 Qxg5 23. Rg3 (23. Rff3 $1 $16) 23... Qf6 24. Rff3 Bd7 25. Qd2 a4 26. Rh3 Rfb8 27. g4 {[#]} (27. a3 $15) 27... h6 $2 ({Black should try} 27... Rb4 $1 $17 28. Qc2 Rab8) 28. Rh5 $1 $14 Kf8 $2 {[%mdl 8192] [#]} (28... Be8 $16 {is more resistant.}) 29. h4 $1 $18 a3 30. b3 {White is clearly winning.} Bb5 31. Bxb5 {Played: g4-g5} 1-0

[Event "WJCC U20 Girls 2019"]
[Site "New Delhi"]
[Date "2019.10.17"]
[Round "4.33"]
[White "Tanishka Kotia"]
[Black "Jayaweera, Sayuni Gihansa"]
[Result "0-1"]
[WhiteElo "2090"]
[BlackElo "1788"]
[Annotator "NA"]
[PlyCount "52"]
[EventDate "2019.10.15"]
[EventType "swiss"]
[EventCountry "IND"]
[SourceTitle "playchess.com"]
[Source "ChessBase"]
[SourceQuality "1"]
[TimeControl "40/5400+30:1800+30"]

1. e4 {[%emt 0:00:00]} c5 {[%emt 0:00:00]} 2. c3 {[%emt 0:00:00]} g6 {[%emt 0:00:33]} 3. d4 {[%emt 0:00:00]} cxd4 {[%emt 0:00:08]} 4. cxd4 {[%emt 0:00:09]} d5 {[%emt 0:00:26]} 5. e5 {[%emt 0:00:58]} Bg7 {[%emt 0:01:01]} 6. Nc3 {[%emt 0:01:18]} a6 {[%emt 0:02:10]} 7. Nf3 {[%emt 0:03:01]} Nc6 {[%emt 0:01:46]} 8. Be3 {[%emt 0:10:01]} Nh6 {[%emt 0:07:33]} 9. Qb3 {[%emt 0:07:58]} e6 {[%emt 0:01:38]} 10. Bd3 {[%emt 0:03:57]} O-O {[%emt 0:03:30]} 11. h3 {[%emt 0:01:33]} f6 {[%emt 0:03:42]} 12. O-O-O {[%emt 0:12:23]} fxe5 {[%emt 0:01:56]} 13. Nxe5 {[%emt 0:01:21]} Nxe5 {[%emt 0:01:25]} 14. dxe5 {[%emt 0:00:02]} b5 {[%emt 0:03:16]} 15. Kb1 {[%emt 0:09:30]} Rb8 {[%emt 0:06:21]} 16. g4 {[%emt 0:05:44]} Qa5 {[%emt 0:03:52]} 17. Be2 {[%emt 0:10:27]} Bb7 {[%emt 0:02:33]} 18. Rhf1 {[%emt 0:05:02]} Bc6 {[%emt 0:01:54]} 19. Bc5 {[%emt 0:02:52]} Rf4 {[%emt 0:02:32]} 20. Bd6 {[%emt 0:00:53]} Re8 {[%emt 0:03:07]} 21. Nxd5 {[%emt 0:11:06]} Bxd5 {[%emt 0:03:08]} 22. Rxd5 {[%emt 0:00:02]} exd5 {[%emt 0:05:13]} 23. Qxd5+ {[%emt 0:00:03]} Kh8 {[%emt 0:00:13]} 24. Qc6 {[%emt 0:04:28]} Rg8 {[%emt 0:04:47]} 25. Rd1 {[%emt 0:02:51]} Rxf2 {[%emt 0:00:33]} 26. Bd3 {[%emt 0:04:24]} Rd2 {[%emt 0:01:07]} 0-1